200s (BC) Missing Word Quiz Stats

Quiz not verified by Sporcle

Challenge
Share
Tweet
Embed
Score 0/26 Timer 03:00
0 Plays Today
Clue Missing Word % Correct
_____ Wall of China further fortifiedGreat
90%
Zhang Han of the Qin _______Dynasty
88.8%
_____ and Sun measurement (Eratosthenes)Earth
83.8%
Philip V of _______Macedon
82.5%
Egyptian revolt spreads to _____ EgyptUpper
78.8%
_____ Arsinoe IIIQueen
77.5%
Carthaginians to pay ____ 200 talents per yearRome
76.3%
Marcellus is killed in ______Battle
75%
Temple of goddess ____ (near Crotone)Juno
75%
Carthaginians from ______ of MaltaIsland
73.8%
_______ of Nam Việt is establishedKingdom
73.8%
Zhang Han lays _____ to city of JuluSiege
73.8%
Hasdrubal Barca decides to _____ the Pyrenees Cross
72.5%
Clue Missing Word % Correct
Qin Er Shi replaced by his ______ ZiyingNephew
72.5%
Mago Barca dies of his ______Wounds
70%
________ Barca recalled to CarthageHannibal
68.8%
Philip 's _____ defeat the Rhodian's NavyFleet
67.5%
Gaius Claudius Nero reinforces Livius's ____Army
66.3%
Zhang Han general __ the Qi DynastyOf
65%
Carthage sues for _____Peace
65%
Tarentum fall after _____ yearsThree
65%
Rebel leader Xiang __Yu
55%
Antiochus III marches into Kabul ______Valley
41.3%
Roman historian ____Livy
36.3%
Battle of ____ ends Second Punic WarZama
23.8%
Gaozu is defeated by the _______Xiongnu
11.3%

You're not logged in!

Compare scores with friends on all Sporcle quizzes.
Sign Up with Email
OR
Log In

You Might Also Like...

Show Comments

Extras

Top Quizzes Today


Score Distribution

Your Account Isn't Verified!

In order to create a playlist on Sporcle, you need to verify the email address you used during registration. Go to your Sporcle Settings to finish the process.